000 00845nam a22002417a 4500
003 MN-UlNLM
005 20250204111458.0
008 250204s2001 rur||||| |||| 00| 0 rus d
020 _a9992953756
040 _aUB01000001
_bmon
_cMN-UlNLM
_dMN-UlNLM
_erda
041 _arus
084 _210-t
_a73
_bЭ 661
_q85
100 0 _aЗохиогч: Энхтүвшин Ж.
245 0 _aСкульптура Монголии.
264 _aУлаанбаатар
_c2001
300 _a144 хуудастай
_bзурагтай текст
_c20см
504 _aСкульптура Монголии.
546 _arus
_bкрилл (орос)
650 _aПластик урлаг (баримал)
880 4 _6245-01(N
_aСкульптура Монголии.Skul'ptura Mongolii.
880 4 _6264-02(N
_aUlan-Bator
_c2001
942 _210-t
_cBK
999 _c1155650
_d1155707